Recopilación de las leyes, ordenanzas, reglamentos i demás disposiciones administrativas vijentes en el Departamento de Santiago

Na minha lista:
Detalhes bibliográficos
Formato: Livro
Idioma:espanhol
Publicado em: Santiago Nacional 1881
Assuntos:
Tags: Adicionar Tag
Sem tags, seja o primeiro a adicionar uma tag!

MARC

LEADER 00000nam a2200000 a 4500
001 UCR0587
003 CL-VaPUC
008 971205e18810000CL |||||||||||||||||spa|d
082 0 4 |a 348.026  |b REC  |2 21 
245 1 0 |a Recopilación de las leyes, ordenanzas, reglamentos i demás disposiciones administrativas vijentes en el Departamento de Santiago 
300 |a 813 p 
942 |c BK 
945 |d 19971205 00:00:00  |a cmena 
260 |a Santiago  |b Nacional  |c 1881 
650 7 |a LEGISLACION  |2 CL-VaPUC  |9 396443 
650 7 |a DECRETOS  |2 CL-VaPUC  |9 309678 
650 0 |a Constituciones  |9 255417 
650 0 |a Administración pública   |9 255343 
650 0 |a Orden público  |9 368427 
650 0 |a Derecho y legislación   |9 255077 
650 7 |a DELITOS CONTRA EL ORDEN PUBLICO  |2 CL-VaPUC  |9 368510 
650 0 |a Urbanización   |9 265706 
650 7 |a ORDENANZAS MUNICIPALES  |2 CL-VaPUC  |9 257662 
650 7 |a INTENDENTES  |2 CL-VaPUC  |9 383916 
650 7 |a RENTAS MUNICIPALES  |2 CL-VaPUC  |9 329512 
650 0 |a Agua potable   |9 260375 
650 0 |a Educación  |9 258661 
650 0 |a Contratos  |9 255153 
650 0 |a Derecho público   |9 255910 
650 0 |a Derecho privado  |9 258243 
650 0 |a Derecho civil  |9 255013 
650 7 |a DERECHO PENAL  |2 CL-VaPUC  |9 11 
651 7 |a CHILE  |2 CL-VaPUC  |9 396444 
583 |a last modification  |c 19971205 00:00:00  |k Rodrigo Vera 
999 |c 264086  |d 264084 
952 |0 0  |1 0  |2 ddc  |4 0  |5 1  |6 348_026000000000000_REC_1881  |7 1  |8 C_LRYV  |9 293690  |a FDOBRV  |b BIBDER  |d 2019-11-19  |i 191409K  |o 348.026 REC 1881  |p 191409K  |r 2023-01-25  |w 2019-11-19  |y BK_X  |k BRV 
952 |0 0  |1 0  |2 ddc  |4 0  |5 1  |6 348_026000000000000_REC_1881  |7 1  |8 C_LRYV  |9 293691  |a FDOBRV  |b BIBDER  |d 2019-11-19  |i 2049163  |o 348.026 REC 1881  |p 2049163  |r 2023-01-25  |w 2019-11-19  |y BK_X  |k BRV